| 000 | 00738nam a22002297a 4500 | ||
|---|---|---|---|
| 003 | URS | ||
| 005 | 20230118161902.0 | ||
| 008 | 180103b xxu||||| |||| 00| 0 eng d | ||
| 040 | _curs | ||
| 050 | _aHF 5635 E28 2008 | ||
| 100 |
_93307 _aEbusca, Saturnino Yadao _eauthor |
||
| 245 |
_aBookkeeping for servicing and merchandising firms _ban introduction to accounting _cSaturnino Yadao Ebusca, Jaime Rodriguez Lopez |
||
| 250 | _a2008 edition | ||
| 260 |
_aManila _bRex Book Store _c2008 |
||
| 336 |
_2rdacontent _atext _btxt |
||
| 337 |
_2rdamedia _aunmediated _bn |
||
| 338 |
_2rdacarrier _avolume _bnc |
||
| 650 | 0 |
_9224 _aAccounting. |
|
| 650 | 0 |
_92789 _aBookkeeping |
|
| 700 |
_aLopez, Jaime Rodriguez _93309 _eauthor |
||
| 942 |
_2lcc _cF |
||
| 999 |
_c14924 _d14924 |
||